[Event "Spakenburg FishPartners op"]
[Site "Spakenburg"]
[Date "2023.07.08"]
[Round "1"]
[White "Van Winkoop, Jeroen"]
[Black "Bok, Benjamin"]
[Result "0-1"]
[WhiteElo "1919"]
[BlackElo "2615"]
[PlyCount "102"]
[EventDate "2023.07.08"]
[EventType "swiss (rapid)"]
[EventRounds "7"]
[EventCountry "NED"]
[SourceTitle "CBM 215 Extra"]
[Source "ChessBase"]
[SourceDate "2023.09.30"]
[SourceVersion "1"]
[SourceVersionDate "2023.09.30"]
[SourceQuality "1"]

1. d4 Nf6 2. c4 e6 3. Nf3 Bb4+ 4. Nbd2 b6 5. e3 Bb7 6. Bd3 0-0 7. 0-0 Bxd2 8. Qxd2 Ne4 9. Qc2 f5 10. b4 d6 11. Nd2 Nxd2 12. Bxd2 Nd7 13. d5 Ne5 14. e4 f4 15. f3 Qh4 16. Bc3 Nxd3 17. Qxd3 e5 18. Be1 Qh5 19. g4 fxg3 20. Bxg3 a5 21. b5 g5 22. a4 Rf6 23. Ra3 Raf8 24. Rf2 Qh3 25. Qd2 Rg6 26. Rg2 Bc8 27. Rc3 Qh5 28. Rf2 Bh3 29. c5 bxc5 30. Re3 Ra8 31. Qb2 Rf6 32. Qc3 Qg6 33. Bxe5 dxe5 34. Qxe5 Rf7 35. Qg3 Bd7 36. Rg2 Rg7 37. e5 Qb1+ 38. Re1 Qb3 39. e6 Be8 40. Qe5 h6 41. f4 Rd8 42. fxg5 Rxd5 43. Qf6 Rdxg5 44. Ree2 Qd1+ 45. Qf1 Qxf1+ 46. Kxf1 Rxg2 47. Rxg2 Rxg2 48. Kxg2 Bxb5 49. axb5 a4 50. Kf3 a3 51. Ke4 a2 0-1